|
|
|
|
| LEADER |
00955nam a2200241 a 4500 |
| 001 |
13495960 |
| 008 |
101104s2004 nyua 001 0 eng d |
| 010 |
|
|
|a 2004297046
|
| 040 |
|
|
|a UKM
|c UKM
|d DLC
|d BD-DhAAL
|
| 020 |
|
|
|a 0071417397
|
| 082 |
0 |
0 |
|a 004.3/6
|2 22
|
| 100 |
1 |
|
|a Buchanan, Robert W.,
|d 1949-
|
| 245 |
1 |
0 |
|a Tuning Microsoft server clusters :
|b guaranteeing high availability for business networks /
|c Robert W. Buchanan, Jr..
|
| 260 |
|
|
|a New York :
|b McGraw-Hill,
|c 2004.
|
| 300 |
|
|
|a xiii, 321 p. :
|b ill. ;
|c 24 cm.
|
| 500 |
|
|
|a Includes index.
|
| 541 |
1 |
|
|e 00017520
|
| 650 |
|
0 |
|a Client/server computing
|x Management.
|
| 650 |
|
0 |
|a Computer networks
|x Workload.
|
| 650 |
|
0 |
|a Business enterprises
|x Computer networks
|x Management.
|
| 852 |
4 |
|
|a Ayesha Abed Library
|j General shelf
|
| 999 |
|
|
|c 10043
|d 10043
|
| 952 |
|
|
|0 0
|1 0
|2 ddc
|4 0
|6 004_360000000000000_BUC
|7 0
|9 13179
|a BRACUL
|b BRACUL
|c GEN
|d 2010-11-07
|l 0
|o 004.36 BUC
|p 3010017520
|r 2010-11-07
|t 1
|w 2010-11-07
|y BK
|